| 000 | 01246nam a2200313 i 4500 | ||
|---|---|---|---|
| 001 | 197088 | ||
| 003 | ES-MaACL | ||
| 005 | 20260216183930.0 | ||
| 008 | 250403b2025 sp ||||| |||| 00| 0 spa d | ||
| 017 |
_aCC 0000061-2025 _bOficina Depósito Legal Cáceres |
||
| 020 | _a9791399018127 | ||
| 040 |
_bspa _cES-MaACL |
||
| 100 | 1 |
_aRamos Rubio, José Antonio, _d1963- _eaut _9174430 |
|
| 245 |
_aAntonio Oliveros y Sánchez : _bCura patriota liberal y diputado constitucional (1764-1820) / _cJosé Antonio Ramos Rubio, José Luis Pérez Mena. |
||
| 260 |
_aCáceres _bTau Editores, _c2025. |
||
| 264 | _c©2025. | ||
| 300 |
_a131 páginas ; _c23 cm. |
||
| 336 |
_2rdacontent _atexto |
||
| 337 |
_2rdamedia _asin mediación |
||
| 338 |
_2rdacarrier _avolumen |
||
| 600 | 4 |
_aOliveros y Sánchez, Antonio, _d1764-1820 _9242002 |
|
| 651 | 4 |
_98209 _aEspaña- _xHistoria |
|
| 700 | 1 |
_9234891 _aPérez Mena, José Luis, _d1962- _eaut |
|
| 852 |
_aES-MaACL _cDEPOJ _jN-10535 _xEncuadernación rústica con solapas _9206658 _hDonación: Editorial |
||
| 942 |
_cMONOGRAFIA _n0 |
||
| 999 |
_c197088 _d197088 |
||